Влияние пластической деформации на геометрические параметры сверхпроводящего кабеля; Современные материалы и технологии новых поколений

Bibliografiske detaljer
Parent link:Современные материалы и технологии новых поколений.— 2019.— [С. 167-168]
Hovedforfatter: Ынтымакова А. С.
Institution som forfatter: Национальный исследовательский Томский политехнический университет
Summary:Заглавие с экрана
Sprog:russisk
Udgivet: 2019
Serier:Функциональные материалы
Fag:
Online adgang:http://earchive.tpu.ru/handle/11683/56880
Format: Electronisk Book Chapter
KOHA link:https://koha.lib.tpu.ru/cgi-bin/koha/opac-detail.pl?biblionumber=630510

MARC

LEADER 00000naa2a2200000 4500
001 630510
005 20231102024451.0
035 |a (RuTPU)RU\TPU\conf\31609 
035 |a RU\TPU\conf\31606 
090 |a 630510 
100 |a 20191114d2019 k y0rusy50 ca 
101 0 |a rus  |e rus 
102 |a RU 
105 |a y z 101zy 
135 |a drcn ---uucaa 
181 0 |a i  
182 0 |a b 
200 1 |a Влияние пластической деформации на геометрические параметры сверхпроводящего кабеля  |f А. С. Ынтымакова 
203 |a Текст  |c электронный 
225 1 |a Функциональные материалы 
230 |a 1 компьютерный файл (pdf; 570 Кб) 
300 |a Заглавие с экрана 
320 |a [Библиогр.: с. 168 (3 назв.)] 
463 0 |0 (RuTPU)RU\TPU\conf\31468  |t Современные материалы и технологии новых поколений  |o сборник научных трудов II Международного молодежного конгресса, г. Томск, 30 сентября - 5 октября 2019 г.  |f Национальный исследовательский Томский политехнический университет, Инженерная школа новых производственных технологий ; под ред. А. Н. Яковлева [и др.]  |v [С. 167-168]  |d 2019 
610 1 |a электронный ресурс 
610 1 |a труды учёных ТПУ 
610 1 |a пластические деформации 
610 1 |a геометрические параметры 
610 1 |a кабели 
610 1 |a сверхпроводники 
610 1 |a микроструктуры 
700 1 |a Ынтымакова  |b А. С. 
712 0 2 |a Национальный исследовательский Томский политехнический университет  |c (2009- )  |2 stltpush  |3 (RuTPU)RU\TPU\col\15902  |9 26305 
801 2 |a RU  |b 63413507  |c 20191118  |g RCR 
856 4 |u http://earchive.tpu.ru/handle/11683/56880 
942 |c BK